| 000 | 00795 a2200253 4500 | ||
|---|---|---|---|
| 005 | 20260410115928.0 | ||
| 008 | 260410b |||||||| |||| 00| 0 eng d | ||
| 020 | _a978-93-5457-955-4 (hbk) | ||
| 037 | _cTB | ||
| 040 |
_aAL _cAL |
||
| 041 |
_2eng _aeng |
||
| 084 |
_aY15:450aW.1 R5 _qAL |
||
| 100 |
_aShastri, Andrey _9847180 |
||
| 245 | _aGender security and global politics | ||
| 260 |
_aNew Delhi, India: _bInterdisciplinary Institute of Human Security and Governance , _c2025. |
||
| 300 | _a404p. | ||
| 365 |
_b2500.00 _cINR |
||
| 650 | _aSociology | ||
| 650 | _aFeminism | ||
| 650 | _aGender | ||
| 700 |
_aBasistha, Nandini _91234638 |
||
| 942 |
_cTB _2CC _hY15:450aW.1 R5 |
||
| 999 |
_c1464466 _d1464466 |
||